000 00346nam a2200133 i 4500
001 bg
100 1 _aSTOLARSKI, H.
245 0 _aDuże ugięcia obrotowo-symetrycznej powłoki uderzonej sztywnym... /
_cH. Stolarski.
260 _aWarszawa,
_c1980.
040 _cBPK
041 _apol
942 _cKS
008 s pl f |000 0 pol
999 _c20839
_d20839
856 _uhttp://koha.tu.koszalin.pl/cgi-bin/koha/opac-detail.pl?biblionumber=20839
_yKatalog online BPK